000 00555nam a22001817a 4500
005 20250910115918.0
008 250910b |||||||| |||| 00| 0 eng d
040 _aIN-DiNC
_cIN-DiNC
041 _dasm
082 _a491.451
_bASA
245 _aAsamiya bhashar kaushal aru dakshata bikash (AEC1)/
_ced. by Raghunath Kagyung
250 _a1st ed.
260 _aDibrugarh:
_bKaustubh prakashan,
_c2025.
300 _a244p.
650 _aSkill and ability enhancement in Assamese language (AEC1)
700 _aKagyung, Raghunath
_eEditor
942 _2ddc
_cBK
999 _c12261
_d12261